<?xml version="1.0" encoding="UTF-8"?>
<collection xmlns="http://www.loc.gov/MARC21/slim">
 <record>
  <leader>01351nam a2200193Ia 4500</leader>
  <controlfield tag="001">CTU_18546</controlfield>
  <controlfield tag="008">210402s9999    xx            000 0 und d</controlfield>
  <datafield tag="082" ind1=" " ind2=" ">
   <subfield code="a">335.4309</subfield>
  </datafield>
  <datafield tag="082" ind1=" " ind2=" ">
   <subfield code="b">E96</subfield>
  </datafield>
  <datafield tag="245" ind1=" " ind2="0">
   <subfield code="a">Exit from communism</subfield>
  </datafield>
  <datafield tag="260" ind1=" " ind2=" ">
   <subfield code="a">New Brunswick, New Jersey</subfield>
  </datafield>
  <datafield tag="260" ind1=" " ind2=" ">
   <subfield code="b">Transaction</subfield>
  </datafield>
  <datafield tag="260" ind1=" " ind2=" ">
   <subfield code="c">1993</subfield>
  </datafield>
  <datafield tag="520" ind1=" " ind2=" ">
   <subfield code="a">The book is an account of the revolutionary years 1989 to the present as experienced by those compelled to submit to communist rule. It is an account also of many in the West perceived these events, how it continues to views this world today, and why, despite the continued protests about all that the older and more stable democracies wish to do to assist those that are only now being created, these efforts have to date been so limited. This book is not only about those who have made their exit from communism, and what they have experience since, but also about those still dominated by communist elites, and those that never were. It treats the former Soviet Union, Russia, Yugoslavia, Czechosclovakia, and Poland.</subfield>
  </datafield>
  <datafield tag="650" ind1=" " ind2=" ">
   <subfield code="a">anti,communism,communist countries,europe, eastern,nationalism and socialism,post</subfield>
  </datafield>
  <datafield tag="650" ind1=" " ind2=" ">
   <subfield code="x">communist movements,politics and government,politics and government,europe, eastern,communism</subfield>
  </datafield>
  <datafield tag="650" ind1=" " ind2=" ">
   <subfield code="y">1989</subfield>
  </datafield>
  <datafield tag="904" ind1=" " ind2=" ">
   <subfield code="i">Minh, 970919</subfield>
  </datafield>
  <datafield tag="980" ind1=" " ind2=" ">
   <subfield code="a">Trung tâm Học liệu Trường Đại học Cần Thơ</subfield>
  </datafield>
 </record>
</collection>
